000 00576nam a22001937a 4500
001 2710
003 HMS
005 20250829114028.0
008 250829e1986 cl a|||gr|||| 00| p spa
020 _a8485639332
040 _ahms
_bspa
_chms
082 0 4 _a895.61
_bM434
100 1 _aMatsuo, Basho,
_d1644-1694
_eautor
_94099
245 1 0 _aHaiku de las cuatro estaciones /
_cMatsuo Basho.
_h[libro]
260 _aMadrid, España :
_bMiraguano Ediciones,
_c1986
300 _a91 páginas :
_bilustraciones ;
_c20 cm.
650 7 _aPoesías japonesas
_94100
942 _2ddc
_cCOL GRAL
_n0
999 _c2710
_d2710